000 00311nam a2200121Ia 4500
008 240624s9999 xx 000 0 und d
041 _aeng
082 _a650 ICF
100 _aICFAI KNOWLEDGE CENTER
245 _aCORPORATE GOVERNANCE AT MERCK
260 _c2003
_aHyderabad
_bICFAI
300 _a15 : p. : cm. ; 30
999 _c11696
_d11696